[Event "AUTO-INT-598"]
[Site "http://www.queenalice.com/game.php?id=265087"]
[Date "2007.9.1"]
[Round "1"]
[White "mrjhony"]
[Black "spawnwolfwolverine"]
[Result "0-1"]
[WhiteElo "1419"]
[BlackElo "1643"]

1. e4 e5 2. Qh5 d6 3. Bc4 g6 4. Qf3 Nf6 5. g4 Bxg4 6. Qb3 b6 7. Bxf7+ Kd7 8. f3
Kc8 9. fxg4 Nxg4 10. Qe6+ Qd7 11. Qxd7+ Nxd7 12. h3 Ngf6 13. Be6 Nxe4 14. d3 Ng3
15. Rh2 h5 16. Kf2 h4 17. Nf3 Bh6 18. Bxh6 Rxh6 19. Ng5 c5 20. Nf7 Rh5 21. Nxd6+
Kc7 22. Nb5+ Kc6 23. N1c3 Nf6 24. Bg4 Nxg4+ 25. hxg4 Rh7 26. Re1 Rf7+ 27. Ke3 g5
28. Rf2 Rxf2 29. Kxf2 a5 30. Rxe5 Rf8+ 0-1

[Event "AUTO-INT-598"]
[Site "http://www.queenalice.com/game.php?id=265104"]
[Date "2007.9.1"]
[Round "1"]
[White "mrjhony"]
[Black "avieytoa"]
[Result "0-1"]
[WhiteElo "1507"]
[BlackElo "1530"]

1. e4 g6 2. Bc4 Bg7 3. c3 Nf6 4. e5 Ne4 5. Qf3 Ng5 6. Qf4 f6 7. exf6 Bxf6 8. Nh3
e5 9. Nxg5 exf4 10. Nf7 Qe7+ 11. Kd1 Rf8 12. Re1 Qxe1+ 13. Kxe1 d6 14. d4 g5 15.
g3 Nc6 16. gxf4 gxf4 17. Bxf4 Rxf7 18. Bxf7+ Kxf7 19. d5 Na5 20. b4 Nc4 21. Nd2
Bxc3 22. b5 Nxd2 23. Rd1 Nf3+ 24. Ke2 Bg4 25. Kd3 Ne5+ 26. Kc2 Bxd1+ 27. Kxc3
Ba4 28. Kb4 Nd3+ 29. Kxa4 Nxf4 30. h4 Nxd5 0-1

[Event "AUTO-INT-598"]
[Site "http://www.queenalice.com/game.php?id=265105"]
[Date "2007.9.1"]
[Round "1"]
[White "avieytoa"]
[Black "mrjhony"]
[Result "1-0"]
[WhiteElo "1445"]
[BlackElo "1521"]

1. e4 e5 2. d4 Bb4+ 3. c3 Ba5 4. Bc4 exd4 5. Qxd4 Qf6 6. e5 Qg6 7. g3 Nc6 8. Qe3
Nge7 9. Nf3 Nf5 10. Qf4 Qe6 11. Bxe6 dxe6 12. g4 g5 13. Nxg5 Ng7 14. Qxf7+ Kd8
15. Qxg7 Re8 16. Nxh7 b6 17. Bg5+ Ne7 18. Nf6 Nd5 19. Nxe8+ Kxe8 20. O-O b5 21.
Rd1 b4 22. Rxd5 exd5 23. Qe7# 1-0

[Event "AUTO-OPEN-818"]
[Site "http://www.queenalice.com/game.php?id=267087"]
[Date "2007.9.5"]
[Round "1"]
[White "Arildocamargo"]
[Black "mrjhony"]
[Result "1-0"]
[WhiteElo "1494"]
[BlackElo "1382"]

1. e4 e5 2. d4 Nc6 3. Nf3 Qf6 4. Bg5 Qd6 5. d5 Nd4 6. Nxd4 exd4 7. Qxd4 c5 8.
Qd1 Qe5 9. Qg4 Qxb2 10. Bd3 Qxa1 11. O-O f6 12. Be3 Nh6 13. Bxh6 gxh6 14. Qh5+
Ke7 15. Nd2 Qc3 16. Nf3 d6 17. Nh4 c4 18. Nf5+ Bxf5 19. Qxf5 cxd3 20. Qe6+ 1-0

[Event "AUTO-OPEN-818"]
[Site "http://www.queenalice.com/game.php?id=267088"]
[Date "2007.9.5"]
[Round "1"]
[White "mrjhony"]
[Black "Arildocamargo"]
[Result "0-1"]
[WhiteElo "1382"]
[BlackElo "1507"]

1. e4 d5 2. e5 Bf5 3. Qf3 e6 4. d4 c5 5. dxc5 Bxc5 6. g4 Bxc2 7. Qc3 Bxb1 8.
Qxc5 Bg6 9. Bb5+ Nd7 10. Qd6 a6 11. Bg5 Qa5+ 12. b4 Qxb5 13. Rc1 Qb6 14. Qxb6
Nxb6 15. Nf3 Nc4 16. O-O Nh6 17. Nd4 Nxg4 18. b5 axb5 19. Nxb5 O-O 0-1

[Event "AUTO-OPEN-828"]
[Site "http://www.queenalice.com/game.php?id=271294"]
[Date "2007.9.13"]
[Round "1"]
[White "mrjhony"]
[Black "wedmarques"]
[Result "0-1"]
[WhiteElo "1502"]
[BlackElo "1342"]

1. e4 e6 2. Qh5 Nf6 3. Qf3 d5 4. exd5 Nxd5 5. Bb5+ c6 6. Bd3 Bd6 7. c4 Nf6 8. g4
Qa5 9. g5 Qxg5 10. Nh3 Qe5+ 11. Be4 Nxe4 12. d3 Ng3+ 13. Be3 Nxh1 14. Qxh1 Qxb2
15. c5 Qxa1 16. cxd6 Qxb1+ 0-1

[Event "AUTO-OPEN-828"]
[Site "http://www.queenalice.com/game.php?id=271295"]
[Date "2007.9.13"]
[Round "1"]
[White "wedmarques"]
[Black "mrjhony"]
[Result "1-0"]
[WhiteElo "1155"]
[BlackElo "1521"]

1. e4 d5 2. exd5 Qxd5 3. Nc3 Qe5+ 4. Be2 Bg4 5. d4 Bxe2 6. Ngxe2 g6 7. dxe5 Nc6
8. Bf4 Rd8 9. Nd5 Rc8 10. Nec3 e6 11. Nf6+ Ke7 12. Qd7# 1-0

[Event "AUTO-OPEN-828"]
[Site "http://www.queenalice.com/game.php?id=271296"]
[Date "2007.9.13"]
[Round "1"]
[White "mrjhony"]
[Black "Dean20"]
[Result "0-1"]
[WhiteElo "1492"]
[BlackElo "1633"]

1. e4 e5 2. Qh5 Nc6 3. Bb5 Nf6 4. Qxe5+ Nxe5 5. f4 Nc6 6. e5 Nh5 7. Bxc6 bxc6 8.
g3 c5 9. Nc3 Bb7 10. Nd5 Bxd5 11. g4 Qh4+ 12. Ke2 Qxg4+ 13. Nf3 Qxf3+ 14. Ke1
Nxf4 0-1

[Event "AUTO-OPEN-828"]
[Site "http://www.queenalice.com/game.php?id=271297"]
[Date "2007.9.13"]
[Round "1"]
[White "Dean20"]
[Black "mrjhony"]
[Result "1-0"]
[WhiteElo "1687"]
[BlackElo "1398"]

1. c4 e6 2. Nc3 Qf6 3. d4 Bb4 4. Nf3 Nh6 5. Bd2 Ng4 6. Nb5 Na6 7. Bxb4 Nxb4 8.
Nxc7+ Kd8 9. Nxa8 Qf5 10. Rc1 Nxa2 11. Ra1 Nb4 12. Qa4 Nc2+ 13. Kd1 Nxa1 14. Rg1
Qb1+ 15. Kd2 Qxb2+ 16. Ke1 1-0

[Event "AUTO-OPEN-831"]
[Site "http://www.queenalice.com/game.php?id=272555"]
[Date "2007.9.16"]
[Round "1"]
[White "eliskases"]
[Black "mrjhony"]
[Result "1-0"]
[WhiteElo "1887"]
[BlackElo "1394"]

1. d4 d5 2. c4 dxc4 3. e3 Nc6 4. Bxc4 Nb4 5. Qa4+ Nc6 6. d5 b5 7. Bxb5 Nf6 8.
Bxc6+ Bd7 9. Nf3 e6 10. dxe6 fxe6 11. O-O 1-0

[Event "AUTO-OPEN-831"]
[Site "http://www.queenalice.com/game.php?id=272556"]
[Date "2007.9.16"]
[Round "1"]
[White "mrjhony"]
[Black "LAIRA"]
[Result "0-1"]
[WhiteElo "1482"]
[BlackElo "1409"]

1. e4 c5 2. Qh5 d6 3. Bc4 e6 4. Bb5+ Nd7 5. e5 Be7 6. exd6 Bxd6 7. d4 Nf6 8. Qg5
O-O 9. Bf4 Bxf4 10. Qxf4 cxd4 11. Ne2 Qa5+ 12. Nd2 Qxb5 13. c4 Qxb2 14. Rb1 Qxa2
0-1

[Event "AUTO-OPEN-831"]
[Site "http://www.queenalice.com/game.php?id=272557"]
[Date "2007.9.16"]
[Round "1"]
[White "LAIRA"]
[Black "mrjhony"]
[Result "1-0"]
[WhiteElo "1428"]
[BlackElo "1463"]

1. c4 d5 2. cxd5 Qxd5 3. Nc3 Qe5 4. e4 f5 5. Nf3 Qe6 6. Bd3 fxe4 7. Bxe4 b5 8.
O-O Qa6 9. Bxa8 e5 10. Nxe5 b4 11. Nd5 Qd6 12. Re1 Be6 13. Qh5+ g6 14. Nxg6 Nf6
15. Nxf6+ 1-0

[Event "AUTO-OPEN-831"]
[Site "http://www.queenalice.com/game.php?id=272558"]
[Date "2007.9.16"]
[Round "1"]
[White "mrjhony"]
[Black "wedmarques"]
[Result "0-1"]
[WhiteElo "1412"]
[BlackElo "1458"]

1. e4 Nf6 2. Qf3 e5 3. c4 c5 4. Nh3 Nc6 5. g4 Nd4 6. Qd3 Nxg4 7. Nc3 Qh4 8. Nb5
Nxb5 9. cxb5 b6 10. a4 Bb7 11. a5 bxa5 12. Rxa5 Nf6 13. b6 Bxe4 14. Qd6 Bxd6 15.
b7 Bxb7 0-1

[Event "AUTO-OPEN-831"]
[Site "http://www.queenalice.com/game.php?id=272559"]
[Date "2007.9.16"]
[Round "1"]
[White "wedmarques"]
[Black "mrjhony"]
[Result "1-0"]
[WhiteElo "1253"]
[BlackElo "1502"]

1. e4 e5 2. Nf3 Qf6 3. d4 exd4 4. Nxd4 Bb4+ 5. c3 Bd6 6. Bc4 c5 7. Nf5 Be5 8. h4
Nh6 9. Bg5 Qb6 10. Qd5 Qxb2 11. Qxe5+ Kf8 12. Qe7+ 1-0